All-Time Highest Grossing Films - Sudden Death - Statistics

General Stats
  • This quiz has been taken 207 times
  • The average score is 4 of 10
Answers on the Grid
Answers color-coded by a green-red scale on the quiz's grid according to % correct below.
Avatar
Avengers: Endgame
Casino Royale
Citizen Kane
E.T. The Extraterrestrial
Gone with the Wind
Jaws
Jurassic Park
Psycho
Shrek
Star Wars
The Barbie Movie
The Godfather
The Matrix
The Shawshank Redemption
The Sound of Music
Titanic
Tootsie
 
Answer Stats
Answer % Correct
Avatar
88%
Avengers: Endgame
73%
Titanic
59%
Jaws
45%
Star Wars
42%
Jurassic Park
41%
The Godfather
30%
Gone with the Wind
28%
E.T. The Extraterrestrial
26%
The Sound of Music
18%
No matching quizzes found
Score Distribution
Percent of People with Each Score
Percentile by Number Answered
Your Score History
You have not taken this quiz